000 00683nam a2200241Ia 4500
003 OSt
005 20220924153702.0
006 a|||||r|||| 00| 0
007 ta
008 220923b |||||||| |||| 00| 0 urd d
020 _c200
024 _a351265
037 _b2967, 19/03/2009, Kitabi Duniya
_cTextual
040 _aARTS
_cARTS
_burd
041 _2urd
_aurd
082 _aP168v, 168P7
100 _aAbdul Ahad Au.
_9229512
245 0 _aFaroghe yakjehti mein urdu zaban ka rol
260 _c2007
650 _aURDU LANGUAGE
_9154969
942 _hP168v, 168P7
_cTEXL
_2CC
999 _c474491
_d474491